000 00452nam a2200145 4500
008 231006b |||||||| |||| 00| 0 eng d
020 _a8272881489
082 _a303.6
_bJAY
100 _aJayaweera, Neville
245 _aSri Lanka:
_bTowards a multi-ethnic democracy? Report from a fact-finding mission
260 _aOslo:
_bInternational peace research institute,
_c1991
300 _axvi, 176 p.
650 _aMULTI ETHNICITY-Sri Lanka
942 _cRP
999 _c3788
_d3788